000 01041nac a22003017a 4500
001 BR8200238
003 BR-BrBNA
005 20240105115217.0
008 230509b bl.|||m| |||| 00| 0 por d
040 _aBR-BrBNA
_bpor
_cBiblioteca Nacional de Agricultura
072 _aF60
090 _a0710 BR8200238
100 1 _aSperry, S.
100 1 _aMagnani, M.
100 1 _aFreire, C.J. da S.
110 1 _aUnidade de Execucao de Pesquisa de Ambito Estadual de Cascata, RS (Brasil)
_910359
245 1 _aBibliografia sobre analise foliar em frutiferas - maca [Malus communis]
246 1 _a[Bibliography on foliar analysis in fruit crop - apple [Malus communis]]
260 3 _aCascata, RS (Brasil):
_c1981.
300 _a84 p.
490 _aDocumentos - Unidade de Execucao de Pesquisa de Ambito Estadual de Cascata (Brazil)
_vno. 8
_x
650 _aFisiologia vegetal
650 _aNutricao vegetal
650 _aMaca
650 _aAnalise foliar
909 _a202312
_bLúcia Elande
_c55
_dLúcia Elande
942 _2AGRIS
_n0
_cMS
999 _c273680
_d273680